Aussenhandel der Europäischen Gemeinschaft mit den AKP-Staaten und den ÜLG 1988-1992

Uložené v:
Podrobná bibliografia
Korporativný autor: Eurostat
Médium: Kniha
Jazyk:German
English
French
Vydavateľské údaje: Bruxelles CECA 1993
Predmet:
Tagy: Pridať tag
Žiadne tagy, Buďte prvý, kto otaguje tento záznam!

MARC

LEADER 00000nam a2200000 4500
001 c004912
005 20221221125841.1
020 |a 92-826-6246-2 
041 0 |a ger 
041 0 |a eng 
041 0 |a fre 
044 |a BE 
245 1 0 |a Aussenhandel der Europäischen Gemeinschaft mit den AKP-Staaten und den ÜLG 1988-1992 
264 1 |a Bruxelles  |b CECA  |c 1993 
300 |a 623 s. 
610 2 0 |a Európske spoločenstvá 
610 2 0 |a ACP 
610 2 0 |a OCT 
610 2 0 |a údaje štatistické 
610 2 0 |a spolupráca hospodárska medzinárodná 
610 2 0 |a rozvoj hospodársky 
610 2 0 |a priemysel 
610 2 0 |a prostredie životné 
610 2 0 |a 1988-1992 
710 2 |a Eurostat